| 000 | 00477nam a2200181 4500 | ||
|---|---|---|---|
| 005 | 20180607083949.0 | ||
| 008 | 020902s1970 us eng | ||
| 020 | _a0802814565 | ||
| 100 | 1 | _aLewis, C. S. | |
| 245 | 1 | 0 |
_aGod in the dock : _bessays on theology and ethics / _cC. S. Lewis . |
| 260 |
_aMichigan : _bEerdmans, _cc1970. |
||
| 300 | _a246 p. | ||
| 336 | _atext | ||
| 337 | _aunmediated | ||
| 338 | _avolume | ||
| 650 | 4 | _aReligious literature. | |
| 942 |
_2lcc _cBK |
||
| 999 |
_c12962 _d12962 |
||